Miedzymore Countries - Statistics

General Stats
  • This quiz has been taken 11 times
  • The average score is 8 of 10
Answer Stats
Answer % Correct
Estonia
100%
hungary
100%
Latvia
100%
Lithuania
100%
Poland
100%
romania
100%
Czechoslovakia
57%
Yugoslavia
57%
Belarus
29%
Ukraine
29%
No matching quizzes found
Score Distribution
Percent of People with Each Score
Percentile by Number Answered
Your Score History
You have not taken this quiz